000 00326nam a22001337a 4500
008 210303b ||||| |||| 00| 0 eng d
020 _a9780975889503
041 _aeng
080 _a616-053.2
100 _a8
101 _aPED
245 _aThe Child Safe Guide for New and Expecting Parents
_cBezick,J.CH
942 _2udc
_cBK
999 _c55630
_d55630